[Event "Rapid"]
[Site "Estonia Resort Hotel & Spa conference center, Pärnu, EE"]
[Date "2025.08.17"]
[Round "2"]
[White "Mironov, Ruslan"]
[Black "Glek, Igor"]
[Result "0-1"]
[Board "7"]
[WhiteFideId "4500431"]
[BlackFideId "4100484"]
[BlackTitle "GM"]
[WhiteElo "2038"]
[BlackElo "2439"]
[WhiteTeam "EST"]
[BlackTeam "BEL"]
[WhiteClock "0:00:04"]
[BlackClock "0:03:04"]
[Variant "Standard"]

1. e4 {[%clk 0:15:04]}  c5 {[%clk 0:15:05]} 2. Nf3 {[%clk 0:15:05]}  a6 {[%clk 0:15:07]} 3. d3 {[%clk 0:14:59]}  Nc6 {[%clk 0:15:08]} 4. g3 {[%clk 0:15:00]}  g6 {[%clk 0:15:10]} 5. Bg2 {[%clk 0:15:01]}  Bg7 {[%clk 0:15:12]} 6. O-O {[%clk 0:14:42]}  e5 {[%clk 0:15:14]} 7. a4 {[%clk 0:13:06]}  Nge7 {[%clk 0:15:12]} 8. Nbd2 {[%clk 0:12:18]}  d6 {[%clk 0:14:25]} 9. Nc4 {[%clk 0:11:54]}  b6 {[%clk 0:14:26]} 10. Bd2 {[%clk 0:11:33]}  Rb8 {[%clk 0:14:16]} 11. h3 {[%clk 0:11:05]}  O-O {[%clk 0:14:17]} 12. Qc1 {[%clk 0:11:02]}  f5 {[%clk 0:13:15]} 13. c3 {[%clk 0:10:45]}  b5 {[%clk 0:12:59]} 14. axb5 {[%clk 0:10:32]}  axb5 {[%clk 0:13:01]} 15. Ne3 {[%clk 0:10:26]}  h6 {[%clk 0:10:42]} 16. Nd5 {[%clk 0:07:42]}  g5 {[%clk 0:10:30]} 17. Nxe7+ {[%clk 0:07:27]}  Nxe7 {[%clk 0:10:24]} 18. exf5 {[%clk 0:07:28]}  Bxf5 {[%clk 0:10:20]} 19. Ne1 {[%clk 0:07:09]}  Qd7 {[%clk 0:10:20]} 20. Kh2 {[%clk 0:07:03]}  c4 {[%clk 0:10:04]} 21. Be3 {[%clk 0:06:04]}  cxd3 {[%clk 0:09:47]} 22. Ra7 {[%clk 0:06:05]}  Qe6 {[%clk 0:09:49]} 23. Nf3 {[%clk 0:01:47]}  d5 {[%clk 0:09:40]} 24. Nd2 {[%clk 0:01:48]}  d4 {[%clk 0:09:13]} 25. Ne4 {[%clk 0:01:30]}  dxe3 {[%clk 0:08:48]} 26. Qxe3 {[%clk 0:01:31]}  Rfd8 {[%clk 0:07:44]} 27. Nc5 {[%clk 0:01:26]}  Qf6 {[%clk 0:07:36]} 28. g4 {[%clk 0:01:22]}  Bg6 {[%clk 0:07:30]} 29. Nd7 {[%clk 0:00:59]}  Qd6 {[%clk 0:06:38]} 30. Nxb8 {[%clk 0:00:54]}  Rxb8 {[%clk 0:06:40]} 31. Be4 {[%clk 0:00:34]}  Bxe4 {[%clk 0:05:41]} 32. Qxe4 {[%clk 0:00:36]}  Rf8 {[%clk 0:05:05]} 33. Kg1 {[%clk 0:00:37]}  Ng6 {[%clk 0:04:35]} 34. Qb7 {[%clk 0:00:35]}  Qf6 {[%clk 0:04:31]} 35. Qxb5 {[%clk 0:00:34]}  Nf4 {[%clk 0:04:27]} 36. Kh2 {[%clk 0:00:26]}  h5 {[%clk 0:04:05]} 37. gxh5 {[%clk 0:00:15]}  Qf5 {[%clk 0:03:57]} 38. Qd7 {[%clk 0:00:15]}  Qxd7 {[%clk 0:03:30]} 39. Rxd7 {[%clk 0:00:17]}  Rb8 {[%clk 0:03:23]} 40. b4 {[%clk 0:00:19]}  e4 {[%clk 0:03:24]} 41. Ra1 {[%clk 0:00:08]}  Bxc3 {[%clk 0:03:15]} 42. Raa7 {[%clk 0:00:06]}  d2 {[%clk 0:03:09]} 43. b5 {[%clk 0:00:08]}  Nd3 {[%clk 0:03:09]} 44. b6 {[%clk 0:00:04]}  d1=Q {[%clk 0:03:04]} 0-1

[Event "Rapid"]
[Site "Estonia Resort Hotel & Spa conference center, Pärnu, EE"]
[Date "2025.08.17"]
[Round "2"]
[White "Mayorau, Mikita"]
[Black "Uibokant, Mathias Robert"]
[Result "1-0"]
[Board "8"]
[WhiteFideId "13501720"]
[BlackFideId "4505980"]
[WhiteTitle "GM"]
[WhiteElo "2433"]
[BlackElo "2056"]
[WhiteTeam "POL"]
[BlackTeam "EST"]
[WhiteClock "0:01:23"]
[BlackClock "0:00:07"]
[Variant "Standard"]

1. d4 {[%clk 0:14:59]}  Nf6 {[%clk 0:15:05]} 2. Nf3 {[%clk 0:14:50]}  e6 {[%clk 0:14:56]} 3. e3 {[%clk 0:14:48]}  d5 {[%clk 0:14:55]} 4. Bd3 {[%clk 0:14:48]}  c5 {[%clk 0:14:53]} 5. c3 {[%clk 0:14:38]}  Nc6 {[%clk 0:14:52]} 6. O-O {[%clk 0:14:39]}  Bd6 {[%clk 0:14:41]} 7. Nbd2 {[%clk 0:14:36]}  O-O {[%clk 0:14:30]} 8. dxc5 {[%clk 0:14:25]}  Bxc5 {[%clk 0:14:30]} 9. e4 {[%clk 0:14:26]}  dxe4 {[%clk 0:14:06]} 10. Nxe4 {[%clk 0:14:27]}  Be7 {[%clk 0:12:34]} 11. Nxf6+ {[%clk 0:14:10]}  Bxf6 {[%clk 0:12:35]} 12. Qc2 {[%clk 0:14:11]}  h6 {[%clk 0:12:32]} 13. Be3 {[%clk 0:13:48]}  Qc7 {[%clk 0:12:10]} 14. Rad1 {[%clk 0:13:43]}  b6 {[%clk 0:11:46]} 15. Qc1 {[%clk 0:13:38]}  Ne5 {[%clk 0:09:14]} 16. Nxe5 {[%clk 0:13:11]}  Bxe5 {[%clk 0:08:43]} 17. h3 {[%clk 0:11:35]}  Bb7 {[%clk 0:08:31]} 18. Rd2 {[%clk 0:08:45]}  Bf4 {[%clk 0:07:20]} 19. Bxf4 {[%clk 0:08:36]}  Qxf4 {[%clk 0:07:21]} 20. Rfd1 {[%clk 0:08:31]}  Qg5 {[%clk 0:06:45]} 21. Bf1 {[%clk 0:08:29]}  Bf3 {[%clk 0:06:32]} 22. Re1 {[%clk 0:08:24]}  Bd5 {[%clk 0:06:04]} 23. c4 {[%clk 0:07:55]}  Bc6 {[%clk 0:06:06]} 24. b4 {[%clk 0:07:16]}  Rac8 {[%clk 0:05:10]} 25. Qb2 {[%clk 0:05:05]}  Rc7 {[%clk 0:04:24]} 26. Re3 {[%clk 0:04:58]}  Rd8 {[%clk 0:03:23]} 27. Rxd8+ {[%clk 0:03:31]}  Qxd8 {[%clk 0:03:24]} 28. Rg3 {[%clk 0:03:33]}  f5 {[%clk 0:02:23]} 29. Qe5 {[%clk 0:03:19]}  Qe7 {[%clk 0:01:44]} 30. Rg6 {[%clk 0:03:05]}  Be4 {[%clk 0:00:41]} 31. Rxe6 {[%clk 0:02:51]}  Qf7 {[%clk 0:00:34]} 32. c5 {[%clk 0:02:34]}  Kh7 {[%clk 0:00:22]} 33. Bc4 {[%clk 0:02:24]}  Qd7 {[%clk 0:00:18]} 34. Re8 {[%clk 0:01:43]}  Rc8 {[%clk 0:00:20]} 35. Re7 {[%clk 0:01:27]}  Qd1+ {[%clk 0:00:17]} 36. Kh2 {[%clk 0:01:28]}  Kg6 {[%clk 0:00:07]} 37. Qxg7+ {[%clk 0:01:23]} 1-0

[Event "Rapid"]
[Site "Estonia Resort Hotel & Spa conference center, Pärnu, EE"]
[Date "2025.08.17"]
[Round "2"]
[White "Chibukhchian, Artur"]
[Black "Spevak, Dovydas"]
[Result "1-0"]
[Board "9"]
[WhiteFideId "13300717"]
[BlackFideId "12834530"]
[WhiteTitle "GM"]
[WhiteElo "2361"]
[BlackElo "2036"]
[WhiteTeam "ARM"]
[BlackTeam "LTU"]
[WhiteClock "0:00:19"]
[BlackClock "0:00:04"]
[Variant "Standard"]

1. Nf3 {[%clk 0:15:03]}  Nf6 {[%clk 0:15:05]} 2. c4 {[%clk 0:15:04]}  e6 {[%clk 0:15:07]} 3. d4 {[%clk 0:14:56]}  d5 {[%clk 0:15:08]} 4. e3 {[%clk 0:14:56]}  Be7 {[%clk 0:15:09]} 5. b3 {[%clk 0:14:56]}  c5 {[%clk 0:15:07]} 6. Bd3 {[%clk 0:14:46]}  dxc4 {[%clk 0:14:58]} 7. bxc4 {[%clk 0:14:46]}  Nc6 {[%clk 0:14:53]} 8. Bb2 {[%clk 0:14:47]}  O-O {[%clk 0:14:37]} 9. O-O {[%clk 0:14:46]}  b6 {[%clk 0:12:48]} 10. Nbd2 {[%clk 0:14:40]}  Bb7 {[%clk 0:12:34]} 11. Qe2 {[%clk 0:14:41]}  Qc7 {[%clk 0:12:21]} 12. Rac1 {[%clk 0:14:16]}  a5 {[%clk 0:11:38]} 13. a3 {[%clk 0:13:37]}  Rfd8 {[%clk 0:11:16]} 14. Rfd1 {[%clk 0:13:18]}  h6 {[%clk 0:11:14]} 15. h3 {[%clk 0:13:20]}  Rac8 {[%clk 0:10:04]} 16. Bb1 {[%clk 0:12:24]}  g6 {[%clk 0:08:34]} 17. Qf1 {[%clk 0:10:11]}  cxd4 {[%clk 0:08:20]} 18. exd4 {[%clk 0:10:12]}  Nh5 {[%clk 0:07:09]} 19. Ne4 {[%clk 0:09:55]}  f5 {[%clk 0:06:18]} 20. Nc3 {[%clk 0:09:45]}  Qf4 {[%clk 0:04:47]} 21. d5 {[%clk 0:09:33]}  Ne5 {[%clk 0:04:22]} 22. Nxe5 {[%clk 0:09:28]}  Qxe5 {[%clk 0:04:23]} 23. Re1 {[%clk 0:09:22]}  Qg7 {[%clk 0:03:06]} 24. Rxe6 {[%clk 0:09:16]}  Nf4 {[%clk 0:03:07]} 25. Rxb6 {[%clk 0:09:11]}  Bc5 {[%clk 0:03:09]} 26. Na4 {[%clk 0:06:55]}  Qc7 {[%clk 0:02:43]} 27. Rb5 {[%clk 0:06:55]}  Bf8 {[%clk 0:02:29]} 28. g3 {[%clk 0:05:52]}  Nh5 {[%clk 0:02:31]} 29. Qe1 {[%clk 0:05:25]}  Re8 {[%clk 0:02:18]} 30. Qxa5 {[%clk 0:05:22]}  Nxg3 {[%clk 0:01:39]} 31. Qxc7 {[%clk 0:04:24]}  Ne2+ {[%clk 0:01:40]} 32. Kf1 {[%clk 0:03:01]}  Rxc7 {[%clk 0:01:42]} 33. Rc2 {[%clk 0:01:42]}  Nf4 {[%clk 0:01:29]} 34. Bc1 {[%clk 0:01:44]}  Nxh3 {[%clk 0:00:47]} 35. Rb6 {[%clk 0:01:20]}  Rec8 {[%clk 0:00:31]} 36. Rxg6+ {[%clk 0:01:10]}  Kf7 {[%clk 0:00:23]} 37. Rb6 {[%clk 0:00:26]}  Bxd5 {[%clk 0:00:10]} 38. Ba2 {[%clk 0:00:18]}  Bxc4+ {[%clk 0:00:04]} 39. Rxc4 {[%clk 0:00:19]} 1-0

[Event "Rapid"]
[Site "Estonia Resort Hotel & Spa conference center, Pärnu, EE"]
[Date "2025.08.17"]
[Round "2"]
[White "Kopylov, Daniel"]
[Black "Hansson, Markus"]
[Result "1-0"]
[Board "11"]
[WhiteFideId "12921971"]
[BlackFideId "4505620"]
[WhiteTitle "IM"]
[WhiteElo "2347"]
[BlackElo "2034"]
[WhiteTeam "GER"]
[BlackTeam "EST"]
[WhiteClock "0:02:32"]
[BlackClock "0:02:30"]
[Variant "Standard"]

1. e4 {[%clk 0:12:39]}  e6 {[%clk 0:15:05]} 2. d4 {[%clk 0:12:35]}  d5 {[%clk 0:15:06]} 3. Nd2 {[%clk 0:12:30]}  h6 {[%clk 0:15:05]} 4. Bd3 {[%clk 0:11:51]}  Nf6 {[%clk 0:14:42]} 5. e5 {[%clk 0:11:47]}  Nfd7 {[%clk 0:14:44]} 6. Ne2 {[%clk 0:11:48]}  c5 {[%clk 0:14:46]} 7. c3 {[%clk 0:11:49]}  Nc6 {[%clk 0:14:48]} 8. O-O {[%clk 0:11:45]}  g5 {[%clk 0:14:47]} 9. c4 {[%clk 0:10:59]}  Nb6 {[%clk 0:13:33]} 10. cxd5 {[%clk 0:09:37]}  Nxd5 {[%clk 0:13:32]} 11. Ne4 {[%clk 0:09:06]}  Bd7 {[%clk 0:13:06]} 12. N2c3 {[%clk 0:08:06]}  Be7 {[%clk 0:12:59]} 13. Nb5 {[%clk 0:06:53]}  cxd4 {[%clk 0:10:28]} 14. Nbd6+ {[%clk 0:06:49]}  Kf8 {[%clk 0:10:28]} 15. Qh5 {[%clk 0:06:34]}  Nxe5 {[%clk 0:10:11]} 16. f4 {[%clk 0:06:16]}  gxf4 {[%clk 0:08:39]} 17. Qxe5 {[%clk 0:05:18]}  Rg8 {[%clk 0:08:14]} 18. Bxf4 {[%clk 0:04:42]}  Nxf4 {[%clk 0:08:16]} 19. Rxf4 {[%clk 0:04:40]}  f5 {[%clk 0:07:55]} 20. Raf1 {[%clk 0:04:31]}  Rg7 {[%clk 0:06:59]} 21. Nc5 {[%clk 0:04:11]}  a5 {[%clk 0:03:58]} 22. Bc4 {[%clk 0:03:36]}  b6 {[%clk 0:03:50]} 23. Rxf5+ {[%clk 0:03:17]}  Kg8 {[%clk 0:02:50]} 24. Nxd7 {[%clk 0:03:05]}  Bxd6 {[%clk 0:02:42]} 25. Bxe6+ {[%clk 0:02:46]}  Kh8 {[%clk 0:02:35]} 26. Qxd6 {[%clk 0:02:35]}  Qe7 {[%clk 0:02:30]} 27. Rf8+ {[%clk 0:02:32]} 1-0

[Event "Rapid"]
[Site "Estonia Resort Hotel & Spa conference center, Pärnu, EE"]
[Date "2025.08.17"]
[Round "3"]
[White "Laurusas, Tomas"]
[Black "Dubrovin, Robert"]
[Result "1-0"]
[Board "1"]
[WhiteFideId "12803731"]
[BlackFideId "4501829"]
[WhiteTitle "GM"]
[WhiteElo "2576"]
[BlackElo "2195"]
[WhiteTeam "LTU"]
[BlackTeam "EST"]
[WhiteClock "0:01:05"]
[BlackClock "0:00:06"]
[Variant "Standard"]

1. c4 {[%clk 0:15:05]}  e6 {[%clk 0:14:55]} 2. Nc3 {[%clk 0:15:02]}  d5 {[%clk 0:14:50]} 3. d4 {[%clk 0:15:03]}  Be7 {[%clk 0:14:51]} 4. cxd5 {[%clk 0:15:03]}  exd5 {[%clk 0:14:53]} 5. Bf4 {[%clk 0:14:44]}  c6 {[%clk 0:14:55]} 6. e3 {[%clk 0:14:46]}  Bf5 {[%clk 0:14:57]} 7. Nge2 {[%clk 0:14:47]}  Nd7 {[%clk 0:14:33]} 8. h3 {[%clk 0:14:48]}  h6 {[%clk 0:14:25]} 9. g4 {[%clk 0:14:05]}  Bh7 {[%clk 0:14:14]} 10. Bh2 {[%clk 0:13:32]}  Ngf6 {[%clk 0:14:09]} 11. Ng3 {[%clk 0:13:27]}  Qa5 {[%clk 0:13:52]} 12. Bd3 {[%clk 0:12:01]}  Bb4 {[%clk 0:13:32]} 13. O-O {[%clk 0:10:42]}  Bxc3 {[%clk 0:13:10]} 14. bxc3 {[%clk 0:10:44]}  Qxc3 {[%clk 0:12:20]} 15. Bxh7 {[%clk 0:10:42]}  Nxh7 {[%clk 0:12:22]} 16. Nf5 {[%clk 0:10:44]}  O-O {[%clk 0:12:12]} 17. Rb1 {[%clk 0:10:31]}  Nb6 {[%clk 0:09:49]} 18. Be5 {[%clk 0:10:32]}  f6 {[%clk 0:09:50]} 19. Bd6 {[%clk 0:10:34]}  Rfd8 {[%clk 0:08:53]} 20. h4 {[%clk 0:10:33]}  g6 {[%clk 0:08:19]} 21. Bb4 {[%clk 0:08:56]}  Qc4 {[%clk 0:08:22]} 22. Nd6 {[%clk 0:08:58]}  Qa6 {[%clk 0:08:08]} 23. Qc2 {[%clk 0:09:00]}  Nf8 {[%clk 0:07:38]} 24. Rb3 {[%clk 0:04:56]}  Nc4 {[%clk 0:05:52]} 25. Nxc4 {[%clk 0:04:58]}  Qxc4 {[%clk 0:05:39]} 26. Qd2 {[%clk 0:04:33]}  Rd7 {[%clk 0:04:44]} 27. Rfb1 {[%clk 0:03:29]}  Ne6 {[%clk 0:03:55]} 28. Rc3 {[%clk 0:02:58]}  Qb5 {[%clk 0:03:46]} 29. Qc2 {[%clk 0:02:59]}  Kf7 {[%clk 0:03:39]} 30. Rcb3 {[%clk 0:01:14]}  Qc4 {[%clk 0:03:41]} 31. Qd1 {[%clk 0:00:33]}  a5 {[%clk 0:03:29]} 32. Be1 {[%clk 0:00:18]}  Qa6 {[%clk 0:03:23]} 33. Rb6 {[%clk 0:00:18]}  Qa7 {[%clk 0:03:26]} 34. Qb3 {[%clk 0:00:11]}  a4 {[%clk 0:03:03]} 35. Qb4 {[%clk 0:00:13]}  Rb8 {[%clk 0:02:06]} 36. f3 {[%clk 0:00:15]}  Nc7 {[%clk 0:02:09]} 37. Rxb7 {[%clk 0:00:09]}  Rxb7 {[%clk 0:01:46]} 38. Qxb7 {[%clk 0:00:12]}  Qxb7 {[%clk 0:01:07]} 39. Rxb7 {[%clk 0:00:14]}  Ke6 {[%clk 0:00:48]} 40. Rb6 {[%clk 0:00:16]}  Kf7 {[%clk 0:00:30]} 41. Rxc6 {[%clk 0:00:17]}  Ne6 {[%clk 0:00:31]} 42. a3 {[%clk 0:00:10]}  f5 {[%clk 0:00:33]} 43. Bb4 {[%clk 0:00:08]}  f4 {[%clk 0:00:26]} 44. Kf2 {[%clk 0:00:10]}  Rb7 {[%clk 0:00:17]} 45. exf4 {[%clk 0:00:08]}  Nxd4 {[%clk 0:00:15]} 46. Rc5 {[%clk 0:00:08]}  Ke6 {[%clk 0:00:09]} 47. Ke3 {[%clk 0:00:06]}  Nb3 {[%clk 0:00:10]} 48. Rc6+ {[%clk 0:00:08]}  Kf7 {[%clk 0:00:11]} 49. f5 {[%clk 0:00:09]}  gxf5 {[%clk 0:00:12]} 50. gxf5 {[%clk 0:00:11]}  h5 {[%clk 0:00:10]} 51. Kf4 {[%clk 0:00:11]}  d4 {[%clk 0:00:10]} 52. Ke4 {[%clk 0:00:12]}  Rd7 {[%clk 0:00:12]} 53. Kd3 {[%clk 0:00:08]}  Kg7 {[%clk 0:00:09]} 54. Rc4 {[%clk 0:00:04]}  Rf7 {[%clk 0:00:10]} 55. Bc5 {[%clk 0:00:05]}  Rxf5 {[%clk 0:00:10]} 56. Bxd4+ {[%clk 0:00:05]}  Nxd4 {[%clk 0:00:10]} 57. Kxd4 {[%clk 0:00:02]}  Rxf3 {[%clk 0:00:06]} 58. Ke4 {[%clk 0:01:05]} 1-0

[Event "Rapid"]
[Site "Estonia Resort Hotel & Spa conference center, Pärnu, EE"]
[Date "2025.08.17"]
[Round "3"]
[White "Povilaitis, Tomas"]
[Black "Fridman, Daniel"]
[Result "0-1"]
[Board "2"]
[WhiteFideId "12811700"]
[BlackFideId "11600454"]
[BlackTitle "GM"]
[WhiteElo "2163"]
[BlackElo "2561"]
[WhiteTeam "LTU"]
[BlackTeam "GER"]
[WhiteClock "0:01:19"]
[BlackClock "0:03:52"]
[Variant "Standard"]

1. e4 {[%clk 0:15:05]}  e6 {[%clk 0:15:02]} 2. d4 {[%clk 0:15:06]}  d5 {[%clk 0:15:03]} 3. Nc3 {[%clk 0:15:07]}  Nf6 {[%clk 0:15:04]} 4. Bg5 {[%clk 0:15:09]}  dxe4 {[%clk 0:15:04]} 5. Nxe4 {[%clk 0:15:09]}  Be7 {[%clk 0:15:03]} 6. Bxf6 {[%clk 0:15:09]}  Bxf6 {[%clk 0:15:03]} 7. Nf3 {[%clk 0:15:00]}  O-O {[%clk 0:15:03]} 8. Be2 {[%clk 0:14:19]}  Nd7 {[%clk 0:15:01]} 9. O-O {[%clk 0:14:17]}  Be7 {[%clk 0:14:51]} 10. c4 {[%clk 0:13:55]}  b6 {[%clk 0:14:52]} 11. Qc2 {[%clk 0:13:32]}  Bb7 {[%clk 0:14:51]} 12. Rfd1 {[%clk 0:13:22]}  h6 {[%clk 0:14:38]} 13. h3 {[%clk 0:13:22]}  Nf6 {[%clk 0:14:35]} 14. Nc3 {[%clk 0:13:08]}  a6 {[%clk 0:14:07]} 15. Ne5 {[%clk 0:12:29]}  Qd6 {[%clk 0:11:24]} 16. Bf3 {[%clk 0:12:26]}  Bxf3 {[%clk 0:11:24]} 17. Nxf3 {[%clk 0:12:28]}  Rfd8 {[%clk 0:11:10]} 18. Re1 {[%clk 0:11:40]}  Qb4 {[%clk 0:10:47]} 19. b3 {[%clk 0:11:26]}  Bf8 {[%clk 0:09:38]} 20. Ne5 {[%clk 0:11:04]}  Qd6 {[%clk 0:09:38]} 21. Rad1 {[%clk 0:11:02]}  c5 {[%clk 0:07:32]} 22. d5 {[%clk 0:11:01]}  exd5 {[%clk 0:07:31]} 23. Nxd5 {[%clk 0:11:03]}  Nxd5 {[%clk 0:07:32]} 24. Rxd5 {[%clk 0:11:04]}  Qe6 {[%clk 0:07:32]} 25. Nf3 {[%clk 0:10:09]}  Qf6 {[%clk 0:07:28]} 26. Qd3 {[%clk 0:09:19]}  Rxd5 {[%clk 0:07:01]} 27. Qxd5 {[%clk 0:09:21]}  Rb8 {[%clk 0:06:26]} 28. Qe5 {[%clk 0:09:19]}  Qxe5 {[%clk 0:06:24]} 29. Nxe5 {[%clk 0:09:06]}  Rd8 {[%clk 0:06:17]} 30. Kf1 {[%clk 0:08:34]}  b5 {[%clk 0:06:02]} 31. Re2 {[%clk 0:06:24]}  g5 {[%clk 0:05:17]} 32. g4 {[%clk 0:05:28]}  Rd1+ {[%clk 0:04:37]} 33. Re1 {[%clk 0:05:23]}  Rd6 {[%clk 0:04:38]} 34. Re2 {[%clk 0:04:35]}  Bg7 {[%clk 0:04:28]} 35. Nf3 {[%clk 0:03:25]}  Bc3 {[%clk 0:04:15]} 36. Rc2 {[%clk 0:03:08]}  b4 {[%clk 0:04:15]} 37. Kg2 {[%clk 0:02:59]}  a5 {[%clk 0:04:05]} 38. Re2 {[%clk 0:02:50]}  Kf8 {[%clk 0:04:04]} 39. Ne5 {[%clk 0:01:31]}  Kg7 {[%clk 0:03:59]} 40. Kf3 {[%clk 0:01:22]}  Rf6+ {[%clk 0:03:51]} 41. Ke4 {[%clk 0:01:19]}  Bxe5 {[%clk 0:03:52]} 0-1

[Event "Rapid"]
[Site "Estonia Resort Hotel & Spa conference center, Pärnu, EE"]
[Date "2025.08.17"]
[Round "3"]
[White "Meshkovs, Nikita"]
[Black "Vingris,Mikelis"]
[Result "1-0"]
[Board "3"]
[WhiteFideId "11602740"]
[BlackFideId "11611731"]
[WhiteTitle "GM"]
[WhiteElo "2552"]
[BlackElo "2160"]
[WhiteTeam "LAT"]
[BlackTeam "LAT"]
[WhiteClock "0:05:48"]
[BlackClock "0:00:07"]
[Variant "Standard"]

1. d4 {[%clk 0:15:05]}  Nf6 {[%clk 0:15:04]} 2. c4 {[%clk 0:15:07]}  g6 {[%clk 0:15:04]} 3. Nc3 {[%clk 0:15:09]}  Bg7 {[%clk 0:15:06]} 4. e4 {[%clk 0:15:11]}  d6 {[%clk 0:15:08]} 5. Nf3 {[%clk 0:15:13]}  O-O {[%clk 0:15:09]} 6. h3 {[%clk 0:15:15]}  e5 {[%clk 0:15:08]} 7. d5 {[%clk 0:15:17]}  Nh5 {[%clk 0:15:04]} 8. Be3 {[%clk 0:15:19]}  f5 {[%clk 0:14:52]} 9. c5 {[%clk 0:15:21]}  Nd7 {[%clk 0:13:29]} 10. cxd6 {[%clk 0:15:13]}  cxd6 {[%clk 0:13:30]} 11. Rc1 {[%clk 0:15:09]}  a6 {[%clk 0:13:25]} 12. b4 {[%clk 0:15:02]}  Ndf6 {[%clk 0:12:52]} 13. a4 {[%clk 0:14:13]}  Nxe4 {[%clk 0:11:46]} 14. Nxe4 {[%clk 0:14:15]}  fxe4 {[%clk 0:11:48]} 15. Nd2 {[%clk 0:14:16]}  Bf6 {[%clk 0:08:43]} 16. Nxe4 {[%clk 0:13:54]}  Ng7 {[%clk 0:08:40]} 17. g4 {[%clk 0:13:52]}  Be7 {[%clk 0:07:30]} 18. a5 {[%clk 0:11:45]}  Bd7 {[%clk 0:07:16]} 19. Bb6 {[%clk 0:11:46]}  Qe8 {[%clk 0:07:18]} 20. Rc7 {[%clk 0:11:48]}  Rb8 {[%clk 0:07:06]} 21. Qb3 {[%clk 0:08:41]}  Rf4 {[%clk 0:06:37]} 22. Bd3 {[%clk 0:08:06]}  Bb5 {[%clk 0:06:04]} 23. Be3 {[%clk 0:07:46]}  Rf7 {[%clk 0:05:20]} 24. Kd2 {[%clk 0:07:22]}  Bxd3 {[%clk 0:04:23]} 25. Kxd3 {[%clk 0:07:23]}  Qf8 {[%clk 0:03:39]} 26. Rhc1 {[%clk 0:07:00]}  Rf3 {[%clk 0:03:18]} 27. Qa4 {[%clk 0:05:59]}  Bd8 {[%clk 0:01:16]} 28. Rc8 {[%clk 0:05:51]}  Rxc8 {[%clk 0:01:18]} 29. Rxc8 {[%clk 0:05:52]}  Rxe3+ {[%clk 0:00:27]} 30. fxe3 {[%clk 0:05:45]}  Qf1+ {[%clk 0:00:29]} 31. Kc2 {[%clk 0:05:47]}  Qe2+ {[%clk 0:00:07]} 32. Nd2 {[%clk 0:05:48]} 1-0

[Event "Rapid"]
[Site "Estonia Resort Hotel & Spa conference center, Pärnu, EE"]
[Date "2025.08.17"]
[Round "3"]
[White "Kazakouski, Valery"]
[Black "Muzis, Renars"]
[Result "1-0"]
[Board "4"]
[WhiteFideId "13507443"]
[BlackFideId "11626348"]
[WhiteTitle "GM"]
[WhiteElo "2523"]
[BlackElo "2131"]
[WhiteTeam "LTU"]
[BlackTeam "LAT"]
[WhiteClock "0:07:27"]
[BlackClock "0:00:05"]
[Variant "Standard"]

1. e4 {[%clk 0:15:02]}  e5 {[%clk 0:15:05]} 2. Nf3 {[%clk 0:15:04]}  Nc6 {[%clk 0:15:07]} 3. Bb5 {[%clk 0:15:03]}  a6 {[%clk 0:15:10]} 4. Ba4 {[%clk 0:15:04]}  Nf6 {[%clk 0:15:11]} 5. O-O {[%clk 0:15:06]}  Nxe4 {[%clk 0:15:12]} 6. d4 {[%clk 0:15:08]}  b5 {[%clk 0:15:13]} 7. Bb3 {[%clk 0:15:09]}  d5 {[%clk 0:15:15]} 8. dxe5 {[%clk 0:15:11]}  Be6 {[%clk 0:15:16]} 9. c3 {[%clk 0:15:12]}  Be7 {[%clk 0:15:17]} 10. Nbd2 {[%clk 0:14:35]}  O-O {[%clk 0:14:54]} 11. Bc2 {[%clk 0:14:02]}  f5 {[%clk 0:14:55]} 12. exf6 {[%clk 0:14:04]}  Nxf6 {[%clk 0:14:52]} 13. a4 {[%clk 0:13:27]}  b4 {[%clk 0:14:44]} 14. Nd4 {[%clk 0:13:26]}  Nxd4 {[%clk 0:14:05]} 15. cxd4 {[%clk 0:13:28]}  Qd7 {[%clk 0:13:13]} 16. Nf3 {[%clk 0:12:59]}  Bg4 {[%clk 0:12:40]} 17. Qd3 {[%clk 0:12:53]}  Bxf3 {[%clk 0:12:12]} 18. Qxf3 {[%clk 0:12:48]}  Qg4 {[%clk 0:10:27]} 19. Qxg4 {[%clk 0:12:25]}  Nxg4 {[%clk 0:10:29]} 20. Bb3 {[%clk 0:12:00]}  Rad8 {[%clk 0:09:12]} 21. f3 {[%clk 0:11:26]}  Nf6 {[%clk 0:09:05]} 22. Bf4 {[%clk 0:11:04]}  c5 {[%clk 0:08:29]} 23. Rfe1 {[%clk 0:11:04]}  Rfe8 {[%clk 0:07:58]} 24. dxc5 {[%clk 0:11:03]}  Bxc5+ {[%clk 0:07:58]} 25. Kf1 {[%clk 0:10:55]}  Rxe1+ {[%clk 0:07:05]} 26. Rxe1 {[%clk 0:10:54]}  Bd4 {[%clk 0:06:11]} 27. Re6 {[%clk 0:10:30]}  a5 {[%clk 0:05:35]} 28. Ra6 {[%clk 0:10:25]}  Bxb2 {[%clk 0:05:17]} 29. Rxa5 {[%clk 0:10:26]}  Rd7 {[%clk 0:04:25]} 30. Rb5 {[%clk 0:10:00]}  Bc3 {[%clk 0:04:08]} 31. a5 {[%clk 0:09:48]}  Re7 {[%clk 0:03:48]} 32. a6 {[%clk 0:08:36]}  Re1+ {[%clk 0:03:40]} 33. Kf2 {[%clk 0:08:38]}  Ra1 {[%clk 0:03:25]} 34. Rb8+ {[%clk 0:08:07]}  Kf7 {[%clk 0:03:25]} 35. Rb7+ {[%clk 0:08:09]}  Ke6 {[%clk 0:02:09]} 36. a7 {[%clk 0:08:06]}  Ra3 {[%clk 0:00:45]} 37. Be3 {[%clk 0:07:34]}  Kd6 {[%clk 0:00:05]} 38. Rb8 {[%clk 0:07:27]} 1-0